00343pab a2200121 454500008004000000100002000040245008300060260000900143300001300152362001100165650001100176773003400187180718b2010 xxu||||| |||| 00| 0 eng d aPanjabi, Kavita aOtiter Jed or times of revolution: Ila Mitra, the Santals and Tebhaga movement c2010 ap.53-59. a14 Aug aTribes aEconomic and Political Weekly